<?xml version="1.0" encoding="UTF-8"?><?xml-stylesheet type="text/xsl" href="static/style.xsl"?><OAI-PMH xmlns="http://www.openarchives.org/OAI/2.0/" xmlns:xsi="http://www.w3.org/2001/XMLSchema-instance" xsi:schemaLocation="http://www.openarchives.org/OAI/2.0/ http://www.openarchives.org/OAI/2.0/OAI-PMH.xsd"><responseDate>2026-06-05T16:07:44Z</responseDate><request verb="GetRecord" identifier="oai:riuma.uma.es:10630/45472" metadataPrefix="marc">https://riuma.uma.es/rest/oai/request</request><GetRecord><record><header><identifier>oai:riuma.uma.es:10630/45472</identifier><datestamp>2026-02-19T10:43:11Z</datestamp><setSpec>com_10630_2254</setSpec><setSpec>col_10630_37953</setSpec></header><metadata><record xmlns="http://www.loc.gov/MARC21/slim" xmlns:dcterms="http://purl.org/dc/terms/" xmlns:doc="http://www.lyncode.com/xoai" xmlns:xsi="http://www.w3.org/2001/XMLSchema-instance" xsi:schemaLocation="http://www.loc.gov/MARC21/slim http://www.loc.gov/standards/marcxml/schema/MARC21slim.xsd">
   <leader>00925njm 22002777a 4500</leader>
   <datafield ind2=" " ind1=" " tag="042">
      <subfield code="a">dc</subfield>
   </datafield>
   <datafield ind2=" " ind1=" " tag="720">
      <subfield code="a">Corpas Pastor, Luis</subfield>
      <subfield code="e">author</subfield>
   </datafield>
   <datafield ind2=" " ind1=" " tag="260">
      <subfield code="c">2024</subfield>
   </datafield>
   <datafield ind2=" " ind1=" " tag="520">
      <subfield code="a">En este trabajo se resalta la importancia del derecho medioambiental y su relación con el derecho civil para la conservación y mejora del medioambiente
como derecho humano a la calidad de vida. El derecho medioambiental como disciplina jurídica promueve la protección efectiva del derecho humano
a la calidad de vida, regulando aspectos como la conservación de recursos naturales y la responsabilidad por daños ambientales. El derecho a un
medioambiente saludable se identifica plenamente con el derecho a la calidad de vida en su conexión con la dignidad humana. Esto implica considerar el
medioambiente como un conjunto de elementos interrelacionados, como recursos naturales y biodiversidad, que deben ser conservados y protegidos para
garantizar un entorno sostenible. El derecho civil desempeña un papel clave al establecer la responsabilidad por daños ambientales y la reparación de estos,
así como al regular la cesación de actividades dañinas y la compensación a las víctimas. Además, es fundamental revisar la legislación vigente para fortalecer
estos aspectos y promover una mayor protección ambiental a través del derecho privado, incluyendo la posibilidad de acciones colectivas y la clarificación
de los plazos de prescripción.</subfield>
   </datafield>
   <datafield ind1="8" ind2=" " tag="024">
      <subfield code="a">Corpas Pastor, Luis, "Protección de los derechos humanos de tercera generación a través del derecho privado: la calidad de vida", Revista internacional de pensamiento político, Nº. 19, 2024, págs. 13-40.</subfield>
   </datafield>
   <datafield ind1="8" ind2=" " tag="024">
      <subfield code="a">1885-589X</subfield>
   </datafield>
   <datafield ind1="8" ind2=" " tag="024">
      <subfield code="a">https://hdl.handle.net/10630/45472</subfield>
   </datafield>
   <datafield tag="653" ind2=" " ind1=" ">
      <subfield code="a">Asistencia sanitaria - Derecho</subfield>
   </datafield>
   <datafield tag="653" ind2=" " ind1=" ">
      <subfield code="a">Derecho a la salud</subfield>
   </datafield>
   <datafield tag="653" ind2=" " ind1=" ">
      <subfield code="a">Derecho ambiental</subfield>
   </datafield>
   <datafield ind2="0" ind1="0" tag="245">
      <subfield code="a">Protección de los derechos humanos de tercera generación a través del derecho privado: la calidad de vida.</subfield>
   </datafield>
</record>
</metadata></record></GetRecord></OAI-PMH>